Central Library OPAC University of Rajshahi

So shall ye reap / (Record no. 33445)

MARC details
000 -LEADER
fixed length control field 00901nam a2200301 4500
001 - CONTROL NUMBER
control field 33445
003 - CONTROL NUMBER IDENTIFIER
rucl marc code BD-RjUL
005 - DATE AND TIME OF LATEST TRANSACTION
control field 20211209052017.0
008 - FIXED-LENGTH DATA ELEMENTS--GENERAL INFORMATION
fixed length control field 140508s1971 nyuabc 001 0 eng
020 ## - INTERNATIONAL STANDARD BOOK NUMBER
International Standard Book Number 0690753659
035 ## - SYSTEM CONTROL NUMBER
System control number (BD-RjUL)33536
040 ## - CATALOGING SOURCE
Original cataloging agency DLC
Transcribing agency DLC
Modifying agency DLC
-- BD-RjUL
Language of cataloging eng
041 ## - LANGUAGE CODE
Language code of text/sound track or separate title eng
082 00 - DEWEY DECIMAL CLASSIFICATION NUMBER
Classification number 331.881309794
Author mark and year LOS 1971
100 1# - MAIN ENTRY--PERSONAL NAME
Personal name London, Joan.
9 (RLIN) 101506
245 10 - TITLE STATEMENT
Title So shall ye reap /
Statement of responsibility, etc. [by] Joan London and Henry Anderson.
250 ## - EDITION STATEMENT
Edition statement Apollo ed.
260 ## - PUBLICATION, DISTRIBUTION, ETC. (IMPRINT)
Place of publication, distribution, etc. New York :
Name of publisher, distributor, etc. Crowell,
Date of publication, distribution, etc. 1971.
300 ## - PHYSICAL DESCRIPTION
Pagination xi, 208 p. :
Illustrations ill. ;.
Size 22 cm.
350 ## - PRICE (NR) (BK AM CF MU VM SE) [OBSOLETE]
Price $6.95
504 ## - BIBLIOGRAPHY, ETC. NOTE
Bibliography, etc Includes index.
600 10 - SUBJECT ADDED ENTRY--PERSONAL NAME
Personal name Chavez, Cesar,
Dates associated with a name 1927-1993.
650 #0 - SUBJECT ADDED ENTRY--TOPICAL TERM
Topical term or geographic name as entry element Agricultural laborers
General subdivision Labor unions
Geographic subdivision California
General subdivision History.
9 (RLIN) 101508
700 1# - ADDED ENTRY--PERSONAL NAME
Personal name Anderson, Henry P.
Fuller form of name (Henry Pope),
Dates associated with a name 1927-
942 ## - ADDED ENTRY ELEMENTS (KOHA)
Source of classification or shelving scheme Dewey Decimal Classification
Koha item type Books
Holdings
Lost status Source of classification or shelving scheme Damaged status Not for loan Collection code Permanent Location Current Location Shelving location Date acquired Source of acquisition Cost, normal purchase price Total Checkouts Full call number Date last seen Copy number Koha item type
  Dewey Decimal Classification   Not For Loan Non-fiction Central Library, University of Rajshahi Central Library, University of Rajshahi Reading Room 02/04/1977 Lions International Gift 0.00   331.881309794 LOS 1971 08/05/2014 C-1 Books